Estructura agraria, dinámica de población y desarrollo capitalista en Centroamérica

Đã lưu trong:
Chi tiết về thư mục
Tác giả của công ty: CSUCA
Định dạng: Texto
Được phát hành: San José: EDUCA
Các nhãn: Thêm thẻ
Không có thẻ, Là người đầu tiên thẻ bản ghi này!

MARC

LEADER 00000 a a2200000 04500
001 25549
003
040
090 |a 154803  
110 |a CSUCA  
245 |a Estructura agraria, dinámica de población y desarrollo capitalista en Centroamérica  
260 |a San José:   |b EDUCA  
300 |a 335 p.   |b **no definido**  
999 |c 5912  |d 5912